Welche Haltestelle in Hamburg? #2 - Statistiken

Allgemein
  • Dieses Quiz wurde 85 mal gespielt
  • Das Durchschnittsergebnis liegt bei 10 aus 15
Antwortstatistiken
Hinweis Buchstabe Haltestelle % Korrekt
Umsteigepunkt zwischen U3, S1, S3 und den Hafenfähren L Landungsbrücken
93%
wichtiger Knotenpunkt zwischen S- und U-Bahn direkt östlich des Hauptbahnhofs B Berliner Tor
87%
hier kreuzt die U3 die Verbindungsbahn, Zugang zur Messe S Sternschanze
85%
Wenn man das Heiligengeistfeld einmal überquert, gelangt man dann hier hin. S St. Pauli
85%
hier trennen sich die beiden S1-Äste, Umstiegsmöglichkeit zur U1 O Ohlsdorf
82%
U3-Tunnelstation, trägt den Zusatz "Heiligengeistfeld" F Feldstraße
79%
hier soll die U4 in Richtung Horner Geest abzweigen H Horner Rennbahn
79%
östliches Ende des U1-5-Minuten-Taktes F Farmsen
70%
einziger eingleisiger Halt in Hamburg an der S1 I Iserbrook
70%
Bahnknotenpunkt in Schleswig-Holstein, mit Anschluss zur A3 E Elmshorn
69%
letzter S5-Halt vor der Grenze zu Niedersachsen F Fischbek
62%
erster Halt des RE 4 in Niedersachsen, Umstiegsmöglichkeit in Richtung Soltau und Hannover B Buchholz (Nordheide)
49%
U2-Tunnelstation nahe dem nördlichen Ende der Linie S Schippelsweg
46%
U1-Station in Schleswig-Holstein, die Strecke führt nur nach Hamburg H Hoisbüttel
45%
Haltestelle der A2 in Norderstedt, mit dem Zusatz "Schulzentrum Nord" M Moorbekhalle
41%
Keine übereinstimmenden Quizze gefunden
Verteilung der Resultate
Anzahl Personen mit jedem Resultat
Perzentil nach korrekt beantworteten Fragen
Ihre Resultats-Entwicklung
Sie haben dieses Quiz noch nicht gespielt